00618nam a2200169 a 450000100100000000500170001000800410002704000250006808200200009310000430011324501090015626000390026530000280030450000540033250400310038665000310041700000812620240305091221.0090915s2000 dr a 000 0 spa d aDO-SdBNPbspacBNPHU a641.5918bN714c1 aNina, Juan B.,d1959-q(Juan Bautista)13aLa cocina de las Américas :bhistoria y recetas típicas de 32 países de América /cJuan B. Nina. aSanto Domingo :bMediabyte,c2000. a212 p. :bil. ;c21 cm. aIncluye datos biográficos en la contracubierta. aBibliografía: p. 211-212 4aCocina americanaxHistoria